header

Pregnancy and parenting after thirty-five (Record no. 148621)

MARC details
000 -LEADER
fixed length control field 01578nam a22004094a 4500
082 04 - DEWEY DECIMAL CLASSIFICATION NUMBER
Classification number 618.2
100 1# - MAIN ENTRY--AUTHOR NAME
Personal name Moore, Michele.
245 10 - TITLE STATEMENT
Title Pregnancy and parenting after thirty-five
260 ## - PUBLICATION, DISTRIBUTION, ETC. (IMPRINT)
Place of publication Baltimore, Md. :
Name of publisher Johns Hopkins University Press,
Year of publication 2006.
300 ## - PHYSICAL DESCRIPTION
Number of Pages vi, 286 p.
490 1# - SERIES STATEMENT
Series statement A Johns Hopkins Press health book
650 #0 - SUBJECT ADDED ENTRY--TOPICAL TERM
Topical Term Pregnancy in middle age.
Topical Term Childbirth in middle age.
Topical Term Middle-aged mothers.
700 1# - ADDED ENTRY--PERSONAL NAME
Personal name De Costa, Caroline,
856 40 - ELECTRONIC LOCATION AND ACCESS
Uniform Resource Identifier http://site.ebrary.com/lib/rucke/Doc?id=10188481

No items available.

© 2026 Rongo University
Contact us: librarian | system librarian | Rongo university